[Event "DRUZYNOWE MISTRZOSTWA POLSKI JUNIOROW - II LIGA"]
[Site "Szczyrk, CKiR Orle Gniazdo ul. Wrzosowa 28a"]
[Date "2014-07-26"]
[Round "1.1"]
[White "Ulanowski, Karol"]
[Black "Slany, Wiktor"]
[Result "1-0"]
[WhiteTitle "k"]
[BlackTitle "II+"]
[WhiteElo "2124"]
[BlackElo "1737"]

1. e4 e5 2. Nf3 Nc6 3. d4 exd4 4. Nxd4 Bc5 5. Be3 Qf6 6. c3 Qg6 7. Nd2 Nge7 8.
g3 Nxd4 9. cxd4 Bb4 10. Bg2 O-O 11. O-O c6 12. Qb3 Ba5 13. f4 Bxd2 14. Bxd2 Qe6
15. Qd3 d5 16. f5 dxe4 17. fxe6 exd3 18. Bb4 1-0

[Event "DRUZYNOWE MISTRZOSTWA POLSKI JUNIOROW - II LIGA"]
[Site "Szczyrk, CKiR Orle Gniazdo ul. Wrzosowa 28a"]
[Date "2014-07-26"]
[Round "1.2"]
[White "Blaszczak, Jedrzej"]
[Black "Wyczling, Bartosz"]
[Result "0-1"]
[WhiteTitle "II"]
[BlackTitle "I"]
[WhiteElo "1569"]
[BlackElo "1766"]

1. e4 c5 2. Nf3 e6 3. d4 cxd4 4. Nxd4 Nf6 5. Bd3 Nc6 6. Nxc6 bxc6 7. Qe2 Be7 8.
e5 Nd5 9. O-O O-O 10. a3 Rb8 11. c4 Nb6 12. f4 f5 13. Nc3 d6 14. b4 dxe5 15. fxe5
Qd4+ 16. Kh1 Qxc3 17. Bb2 Qb3 18. c5 Na4 19. Bc1 Nc3 0-1

[Event "DRUZYNOWE MISTRZOSTWA POLSKI JUNIOROW - II LIGA"]
[Site "Szczyrk, CKiR Orle Gniazdo ul. Wrzosowa 28a"]
[Date "2014-07-26"]
[Round "1.3"]
[White "Belczewski, Jacek"]
[Black "Burzak, Wojciech"]
[Result "1-0"]
[WhiteTitle "I"]
[BlackTitle "II"]
[WhiteElo "1753"]
[BlackElo "1401"]

1. d4 d5 2. f4 Nf6 3. Nf3 Bg4 4. e3 e6 5. Bd3 Nc6 6. c3 g6 7. O-O Bg7 8. Qc2 Bxf3
9. Rxf3 Ne7 10. Rf1 Nf5 11. Qe2 Nd6 12. Nd2 c6 13. e4 dxe4 14. Nxe4 Nfxe4 15.
Bxe4 Nxe4 16. Qxe4 O-O 17. Be3 Qd5 18. Qf3 Rad8 19. Qh3 Qb5 20. Rf2 Rd5 21. g4
h5 22. Rg2 hxg4 23. Qxg4 Rh5 24. Re1 Rd8 25. Rf1 Qf5 26. Qf3 Qh3 27. Qe2 Rdd5
28. Rg3 Qf5 29. Qg2 Qf6 30. Kh1 a6 31. Rg4 Rdf5 32. Rg1 Bh6 33. Qg3 Bg7 34. Qg2
Bh6 35. Qe4 Rh3 36. a4 Rhh5 37. b4 Rd5 38. Rxg6+ fxg6 39. Rxg6+ Kf7 40. Rxf6+
Kxf6 41. c4 Rdf5 42. d5 exd5 43. cxd5 Rxd5 44. Bd4+ Kf7 45. Qh7+ Ke6 46. Qg6+
Ke7 47. Bc5+ Kd7 48. Qf7+ Kd8 49. Bb6+ 1-0

[Event "DRUZYNOWE MISTRZOSTWA POLSKI JUNIOROW - II LIGA"]
[Site "Szczyrk, CKiR Orle Gniazdo ul. Wrzosowa 28a"]
[Date "2014-07-26"]
[Round "1.4"]
[White "Skowron, Mateusz"]
[Black "Lipiak, Mateusz"]
[Result "0-1"]
[WhiteTitle "I"]
[BlackTitle "I"]
[WhiteElo "1395"]
[BlackElo "1541"]

1. f4 d6 2. Nf3 Bg4 3. e3 e5 4. h3 Bxf3 5. Qxf3 c6 6. fxe5 dxe5 7. Bc4 Qh4+ 8.
Qf2 Qxc4 9. d3 Qe6 10. O-O Nf6 11. e4 Be7 12. Be3 Nbd7 13. Nd2 O-O 14. Nf3 Nh5
15. Kh2 Nf4 16. Nh4 Bxh4 17. Qxh4 Qf6 18. Qg4 Qg6 19. Qf3 Ne6 20. Rf2 Nd4 21.
Bxd4 exd4 22. Raf1 Rae8 23. Qf5 Qxf5 24. Rxf5 Re5 25. Rxe5 Nxe5 26. Rf5 f6 27.
Kg3 g6 28. Rf4 Kf7 29. Kf2 Ke6 30. g4 f5 31. Ke2 c5 32. gxf5+ gxf5 33. exf5+ Rxf5
34. Rh4 h5 35. Re4 Kd7 36. c3 Nc6 37. c4 Re5 38. Kf3 Rxe4 39. Kxe4 Ke6 40. h4
a5 41. b3 Nb4 42. a3 Nc2 43. Kf4 Ne1 44. Kg5 Nxd3 45. Kxh5 Nf4+ 46. Kg4 Ke5 47.
h5 Nxh5 48. Kxh5 d3 0-1

[Event "DRUZYNOWE MISTRZOSTWA POLSKI JUNIOROW - II LIGA"]
[Site "Szczyrk, CKiR Orle Gniazdo ul. Wrzosowa 28a"]
[Date "2014-07-26"]
[Round "1.5"]
[White "Olechnicka, Karolina"]
[Black "Kubicka, Anna"]
[Result "1/2-1/2"]
[WhiteTitle "I++"]
[BlackTitle "I++"]
[WhiteElo "1723"]
[BlackElo "1760"]

1. e4 d6 2. d4 Nf6 3. Nc3 e5 4. dxe5 dxe5 5. Qxd8+ Kxd8 6. Bg5 Be6 7. O-O-O Nbd7
8. Nf3 Bd6 9. Bb5 h6 10. Bh4 g5 11. Bg3 Ke7 12. Rhe1 c6 13. Ba4 a5 14. Bb3 b5
15. Bxe6 Kxe6 16. Ne2 Bc5 17. c3 Rhg8 18. Kc2 Ra6 19. Nc1 Bd6 20. Nd3 Rb6 21.
Nd4+ exd4 22. e5 Bb8 23. exf6+ Kxf6 24. cxd4 Bxg3 25. hxg3 c5 26. dxc5 Rc8 27.
Kd2 Nxc5 28. Ke3 Nxd3 29. Kxd3 Rd6+ 30. Ke3 Re6+ 31. Kd3 Rd6+ 32. Ke3 Rxd1 33.
Rxd1 Re8+ 34. Kf3 g4+ 35. Kxg4 Re2 36. b3 b4 37. Rd6+ Kg7 38. f4 Rxg2 39. Rd5
Rxa2 40. Kf5 Ra3 41. g4 Rxb3 42. Rxa5 Rb1 43. Rb5 b3 44. Ke4 b2 45. Kf5 Ra1 46.
Rxb2 Ra5+ 47. Ke4 Kg6 48. Rb4 f6 49. Rc4 h5 50. gxh5+ Kxh5 51. Rc1 f5+ 52. Ke3
Ra3+ 53. Kd4 Kg4 54. Ke5 Ra5+ 55. Kf6 Kxf4 56. Rf1+ Ke4 57. Re1+ Kd4 58. Rf1 Ke4
59. Re1+ Kf3 60. Rf1+ Kg4 1/2-1/2

[Event "DRUZYNOWE MISTRZOSTWA POLSKI JUNIOROW - II LIGA"]
[Site "Szczyrk, CKiR Orle Gniazdo ul. Wrzosowa 28a"]
[Date "2014-07-26"]
[Round "1.6"]
[White "Gil, Oliwia"]
[Black "Zalewska, Katarzyna"]
[Result "0-1"]
[WhiteTitle "II"]
[BlackTitle "II+"]
[WhiteElo "1307"]
[BlackElo "1360"]

1. e4 e5 2. Nf3 Nc6 3. d4 exd4 4. Nxd4 Bc5 5. Nxc6 Qf6 6. Qf3 dxc6 7. Bc4 Qxf3
8. gxf3 Ne7 9. Be3 Bb6 10. Nd2 O-O 11. Ke2 Kh8 12. Rad1 f5 13. Bxb6 cxb6 14. Rhg1
Ng6 15. Ke1 Ne5 16. Rg3 fxe4 17. fxe4 Ng4 18. Rf3 Re8 19. h3 Nf6 20. Re3 g5 21.
Be2 Be6 22. Nf3 h6 23. Rd6 Kg7 24. Nd4 Bc8 25. Bd3 Nh5 26. e5 Nf4 27. Nf5+ Bxf5
28. Bxf5 Ng2+ 29. Ke2 Nxe3 30. fxe3 Rxe5 31. Bg4 Rae8 32. Rd3 R8e7 33. Kd2 c5
34. Be2 b5 35. a3 c4 36. Rc3 Kg6 37. Bf3 h5 38. Be2 Kh6 39. Bd1 Rg7 40. b3 cxb3
41. cxb3 g4 42. hxg4 hxg4 43. Rc1 Kg5 44. Bc2 Rge7 45. Re1 g3 46. e4 Rf7 47. Rg1
Rf2+ 48. Kd3 Kf4 49. Kc3 g2 50. Bd3 Kg3 51. Kd4 Re7 52. e5 Kh2 0-1

[Event "DRUZYNOWE MISTRZOSTWA POLSKI JUNIOROW - II LIGA"]
[Site "Szczyrk, CKiR Orle Gniazdo ul. Wrzosowa 28a"]
[Date "2014-07-26"]
[Round "1.7"]
[White "Koitka, Jakub"]
[Black "Tomaszewski, Kacper"]
[Result "1-0"]
[WhiteTitle "I+"]
[BlackTitle "I++"]
[WhiteElo "1994"]
[BlackElo "2012"]

1. e4 c5 2. Nf3 e6 3. d4 cxd4 4. Nxd4 Nc6 5. Nb5 d6 6. c4 Nf6 7. N1c3 a6 8. Na3
Be7 9. Be2 O-O 10. O-O b6 11. Be3 Bb7 12. Qd2 Ne5 13. f3 Rc8 14. Rfd1 Qc7 15.
Rac1 Rfd8 16. Qe1 Ned7 17. Nc2 Qb8 18. Nd4 Ba8 19. b3 Bb7 20. Bd3 Nc5 21. Bb1
Bf8 22. Bg5 Ncd7 23. Kh1 h6 24. Be3 Ba8 25. Qg3 Kh8 26. Qh3 Ne5 27. Qh4 Ng6 28.
Qf2 Ne5 29. Qg3 Rd7 30. f4 Nc6 31. Nxc6 Bxc6 32. Bd4 e5 33. fxe5 Nh5 34. Qf3 dxe5
35. Be3 Nf4 36. Nd5 Bxd5 37. exd5 Bd6 38. Bxf4 exf4 39. Bf5 Rcc7 40. Bxd7 Rxd7
41. Re1 Bc5 42. Qg4 Rd8 43. Re4 Be3 44. Re1 Qd6 45. Qf5 Qb4 46. Rf1 Rf8 47. Qh3
Qd2 48. Qf3 Qxa2 49. d6 Rd8 50. d7 Rxd7 51. Re8+ 1-0

[Event "DRUZYNOWE MISTRZOSTWA POLSKI JUNIOROW - II LIGA"]
[Site "Szczyrk, CKiR Orle Gniazdo ul. Wrzosowa 28a"]
[Date "2014-07-26"]
[Round "1.8"]
[White "Maj, Kornel"]
[Black "Witczak, Jakub"]
[Result "1-0"]
[WhiteTitle "II"]
[BlackTitle "I"]
[WhiteElo "1907"]
[BlackElo "1828"]

1. d4 Nf6 2. c4 e6 3. g3 Bb4+ 4. Bd2 Qe7 5. Nf3 b6 6. Bg2 Bb7 7. O-O Bxd2 8. Nbxd2
O-O 9. Qc2 c5 10. e4 cxd4 11. e5 Ne8 12. Ng5 Qxg5 13. Bxb7 Nc7 14. Bxa8 Nxa8 15.
f4 Qe7 16. Ne4 f6 17. exf6 gxf6 18. a3 Nc7 19. Rad1 Nc6 20. b4 a6 21. Rd3 Kh8
22. g4 b5 23. cxb5 axb5 24. g5 fxg5 25. fxg5 Rxf1+ 26. Kxf1 Nd5 27. Qf2 Ne3+ 28.
Kg1 d5 29. Nf6 Qg7 30. Qh4 Ne5 31. Qh5 Qxg5+ 32. Qxg5 Nf3+ 33. Kf2 Nxg5 34. Rxd4
e5 35. Kxe3 exd4+ 36. Kxd4 Kg7 37. Nxh7 Nf3+ 38. Kxd5 Kxh7 39. Kc5 Nxh2 40. Kxb5
Nf3 41. a4 Nd4+ 42. Kc5 Ne6+ 43. Kb6 1-0

[Event "DRUZYNOWE MISTRZOSTWA POLSKI JUNIOROW - II LIGA"]
[Site "Szczyrk, CKiR Orle Gniazdo ul. Wrzosowa 28a"]
[Date "2014-07-26"]
[Round "1.9"]
[White "Koziorowicz, Michal"]
[Black "Bilczewski, Kacper"]
[Result "0-1"]
[WhiteTitle "II"]
[BlackTitle "I"]
[WhiteElo "1406"]
[BlackElo "1834"]

1. e4 e6 2. d4 d5 3. Nc3 Nf6 4. e5 Nfd7 5. Nf3 c5 6. Be3 Nc6 7. Bb5 cxd4 8. Bxd4
a6 9. Ba4 b5 10. Bb3 Nxd4 11. Qxd4 Bc5 12. Qg4 O-O 13. O-O Bb7 14. Rad1 Rc8 15.
Qh5 h6 16. Rd3 Bb6 17. Rfd1 Nc5 18. R3d2 Ba5 19. Rd4 Bxc3 20. bxc3 f5 21. Rh4
Qe8 22. Nd4 Qxh5 23. Rxh5 Kf7 24. Rh3 Rc7 25. f4 Rfc8 26. Ne2 Ne4 27. Rdd3 a5
28. a4 bxa4 29. Bxa4 Ba6 30. Nd4 Bxd3 31. cxd3 Nxc3 32. Bb5 Nxb5 33. Nxb5 Rc1+
34. Kf2 R8c2+ 35. Kf3 Rd1 0-1

[Event "DRUZYNOWE MISTRZOSTWA POLSKI JUNIOROW - II LIGA"]
[Site "Szczyrk, CKiR Orle Gniazdo ul. Wrzosowa 28a"]
[Date "2014-07-26"]
[Round "1.10"]
[White "Polczyk, Mikolaj"]
[Black "Czechowski, Jakub"]
[Result "0-1"]
[WhiteTitle "II+"]
[BlackTitle "II"]
[WhiteElo "1571"]
[BlackElo "1356"]

1. e4 e5 2. Nf3 Nc6 3. Bc4 Bc5 4. O-O Nf6 5. d4 exd4 6. e5 d5 7. exf6 dxc4 8. fxg7
Rg8 9. Re1+ Be7 10. Bg5 Be6 11. Bxe7 Qxe7 12. Nbd2 O-O-O 13. Nxc4 Rxg7 14. Ncd2
Rdg8 15. g3 h5 16. Qe2 h4 17. Nf1 hxg3 18. fxg3 Qd6 19. Rad1 Bg4 20. Rd3 f5 21.
Qe6+ Qxe6 22. Rxe6 Nb4 23. Rxd4 c5 24. Rf4 Nd5 25. Rc4 Bxf3 26. Rxc5+ Rc7 27.
Rxc7+ Kxc7 28. Kf2 Kd7 29. Rh6 Be4 30. c3 Re8 31. Ne3 Re6 32. Rh7+ Re7 33. Rh6
Nxe3 34. Kxe3 Bb1+ 35. Kf4 Re2 36. b4 Rxa2 37. h4 Rf2+ 38. Ke3 Rc2 39. Kd4 Rg2
40. Kc5 Be4 41. Rg6 f4 42. Rg7+ Ke6 43. g4 f3 44. Rg8 f2 45. Rf8 Bd3 0-1

[Event "DRUZYNOWE MISTRZOSTWA POLSKI JUNIOROW - II LIGA"]
[Site "Szczyrk, CKiR Orle Gniazdo ul. Wrzosowa 28a"]
[Date "2014-07-26"]
[Round "1.11"]
[White "Kaniowska, Anna"]
[Black "Stebel, Agata"]
[Result "0-1"]
[WhiteTitle "II+"]
[BlackTitle "I"]
[WhiteElo "1363"]
[BlackElo "1616"]

1. d4 Nf6 2. c4 g6 3. Nc3 d5 4. Nf3 Bg7 5. e3 O-O 6. cxd5 Nxd5 7. Qc2 Nxc3 8. bxc3
c5 9. Be2 cxd4 10. cxd4 Nc6 11. O-O Bf5 12. Qb3 Qd7 13. Bd2 Rac8 14. Rac1 e5 15.
dxe5 Nxe5 16. Rfd1 Be6 17. Qb1 Rxc1 18. Bxc1 Qe7 19. Bb2 Nxf3+ 20. Bxf3 Bxb2 21.
Qxb2 b6 22. h3 Rc8 23. Qd2 Qc5 24. a4 Qa3 25. Qd4 Qe7 26. Ra1 Rc4 27. Qd1 Rc5
28. Rc1 Rxc1 29. Qxc1 Qb4 30. Qa1 Bb3 31. Bc6 a6 32. Bb7 b5 33. axb5 axb5 34.
Qf6 Bc4 35. Qf4 Qc3 36. Bc6 b4 37. e4 b3 38. Qb8+ Kg7 39. Bd5 Bxd5 40. exd5 b2
41. Kh2 Qc1 42. Qe5+ Kh6 43. f4 b1=Q 44. Qg5+ Kg7 45. Qe5+ Kf8 46. Qh8+ Ke7 47.
d6+ Kd7 48. Qe5 Qg1+ 49. Kg3 Qbe1+ 0-1

[Event "DRUZYNOWE MISTRZOSTWA POLSKI JUNIOROW - II LIGA"]
[Site "Szczyrk, CKiR Orle Gniazdo ul. Wrzosowa 28a"]
[Date "2014-07-26"]
[Round "1.12"]
[White "Robakowska, Paulina"]
[Black "Zalucka, Emilia"]
[Result "1-0"]
[WhiteTitle "II"]
[BlackTitle "II"]
[WhiteElo "1274"]
[BlackElo "1159"]

1. c4 e5 2. Nc3 Nf6 3. Nf3 Nc6 4. d3 d6 5. g3 Be6 6. Bg2 Be7 7. b3 O-O 8. O-O d5
9. cxd5 Nxd5 10. Bb2 Bd6 11. a3 Nxc3 12. Bxc3 Bd5 13. Nh4 Bxg2 14. Nxg2 Bc5 15.
e3 f5 16. b4 Bb6 17. b5 Ne7 18. Bxe5 Ng6 19. Bc3 Qg5 20. Qb3+ Kh8 21. Qb2 Rf7
22. Nf4 Re8 23. Qb3 Kg8 24. Ne6 Qe7 25. Nxg7 Ne5 26. Nxe8 Qxe8 27. Bxe5 Qxe5 28.
a4 f4 29. exf4 Qg7 30. Rae1 Kf8 31. Qa3+ c5 32. a5 Bd8 33. Qxc5+ Re7 34. Rxe7
Bxe7 35. Qc8+ Kf7 36. Qxb7 Qd4 37. Re1 Qc5 38. d4 Qd6 39. Qxa7 Qd8 40. b6 Qd6
41. Rxe7+ Qxe7 42. Qxe7+ Kxe7 43. b7 1-0

[Event "DRUZYNOWE MISTRZOSTWA POLSKI JUNIOROW - II LIGA"]
[Site "Szczyrk, CKiR Orle Gniazdo ul. Wrzosowa 28a"]
[Date "2014-07-26"]
[Round "1.13"]
[White "Tomczak, Mikolaj"]
[Black "Czerw, Dawid"]
[Result "1-0"]
[WhiteTitle "k"]
[BlackTitle "I++"]
[WhiteElo "2158"]
[BlackElo "1993"]

1. d4 d5 2. c4 c6 3. Nf3 Nf6 4. Nc3 a6 5. cxd5 cxd5 6. g3 Nc6 7. Bg2 Bf5 8. O-O
e6 9. Ne5 Rc8 10. Nxc6 Rxc6 11. f3 Bb4 12. e4 Bg6 13. Bg5 Be7 14. e5 Nd7 15. Bxe7
Qxe7 16. f4 Nb6 17. Rf2 Qd7 18. a4 Nc4 19. Qe1 Rb6 20. b4 Rc6 21. a5 O-O 22. Na4
f5 23. Nc5 Qe7 24. Rc2 Be8 25. Qc1 Rc7 26. Rc3 Bb5 27. Ra2 g6 28. Kf2 Kf7 29.
Qh1 Ke8 30. Bxd5 Rxc5 31. dxc5 Qd7 32. Bxc4 Qd4+ 33. Re3 Bxc4 34. Rc2 Bd5 35.
Qe1 Ke7 36. Qd2 Qa1 37. Rc1 Qa4 38. h4 h5 39. Rd3 Rd8 40. Rb1 Qb5 41. Rd4 Rd7
42. Ra1 Kd8 43. Qc2 Kc7 44. Qa4 Qc6 45. Ke3 Rd8 46. Kd2 Bb3 47. Qxc6+ bxc6 48.
Rd6 Rb8 49. Kc3 Bd5 50. Rd1 Rg8 51. R1xd5 exd5 52. Rf6 Rg7 53. e6 Kd8 54. Rf7
Rg8 55. Rd7+ Ke8 56. Ra7 Rf8 57. Ra8+ Ke7 58. Rxf8 Kxf8 59. b5 cxb5 60. c6 1-0

[Event "DRUZYNOWE MISTRZOSTWA POLSKI JUNIOROW - II LIGA"]
[Site "Szczyrk, CKiR Orle Gniazdo ul. Wrzosowa 28a"]
[Date "2014-07-26"]
[Round "1.14"]
[White "Drozniak, Stanislaw"]
[Black "Pilzak, Marcin"]
[Result "1-0"]
[WhiteTitle "II+"]
[BlackTitle "I++"]
[WhiteElo "1579"]
[BlackElo "1974"]

1. e4 e6 2. d4 d5 3. Nc3 Bb4 4. e5 c5 5. a3 Bxc3+ 6. bxc3 Ne7 7. a4 Qa5 8. Bd2
c4 9. f4 Bd7 10. Qb1 Na6 11. Nf3 Bxa4 12. Qa2 b5 13. Be2 h5 14. O-O Nf5 15. Rfb1
O-O 16. g3 Nb8 17. Kf2 Nc6 18. h3 g6 19. g4 hxg4 20. hxg4 Nfe7 21. Rh1 Kg7 22.
f5 exf5 23. Bh6+ Kg8 24. Bxf8 Rxf8 25. Qa3 fxg4 26. Nh4 g3+ 27. Kxg3 Kg7 28. Nf3
Nf5+ 29. Kf2 Qd8 30. Qc5 Nce7 31. Ng5 Nh6 32. Qxa7 Bxc2 33. Rh2 Be4 34. Bf3 Bxf3
35. Kxf3 Qe8 36. Qb6 Nef5 37. Qf6+ Kg8 38. Rah1 Qd8 39. Rxh6 Nxh6 40. Rxh6 Qxf6+
41. exf6 Ra8 42. Rh7 Ra3 43. Rg7+ Kf8 44. Rxf7+ Ke8 45. Re7+ Kd8 46. Ne6+ Kc8
47. f7 Rxc3+ 48. Kf4 1-0

[Event "DRUZYNOWE MISTRZOSTWA POLSKI JUNIOROW - II LIGA"]
[Site "Szczyrk, CKiR Orle Gniazdo ul. Wrzosowa 28a"]
[Date "2014-07-26"]
[Round "1.15"]
[White "Nowak, Mikolaj"]
[Black "Koloczek, Maciej"]
[Result "1/2-1/2"]
[WhiteTitle "I"]
[BlackTitle "II"]
[WhiteElo "1717"]
[BlackElo "1461"]

1. e4 e6 2. d4 d5 3. exd5 exd5 4. Bd3 Bd6 5. Nf3 Nf6 6. O-O O-O 7. c3 c6 8. Bg5
Bg4 9. Nbd2 Nbd7 10. Qc2 Qc7 11. h3 Bh5 12. Rfe1 Rfe8 13. Rac1 Bf4 14. Bxf4 Qxf4
15. Qb1 Bxf3 16. Nxf3 Ne4 17. Bxe4 dxe4 18. Ne5 Nxe5 19. Rxe4 Nf3+ 20. gxf3 Qxf3
21. Rce1 Rxe4 22. Qxe4 Qxe4 23. Rxe4 Kf8 24. Kg2 f5 25. Re5 g6 26. d5 cxd5 27.
Rxd5 Ke7 28. Kf3 Ke6 29. Rb5 b6 30. a4 Rd8 31. a5 Rd5 32. Rxd5 Kxd5 33. axb6 axb6
34. Kf4 Kc4 35. Kg5 Kb3 36. Kh6 Kxb2 37. Kxh7 g5 38. Kg6 g4 39. hxg4 fxg4 40.
Kh5 Kxc3 41. Kxg4 b5 42. f4 b4 43. f5 b3 44. f6 b2 45. f7 b1=Q 46. f8=Q Qg1+ 47.
Kh5 Qh2+ 48. Kg6 Qg3+ 49. Kf7 Qf4+ 50. Kg8 Qxf8+ 51. Kxf8 1/2-1/2

[Event "DRUZYNOWE MISTRZOSTWA POLSKI JUNIOROW - II LIGA"]
[Site "Szczyrk, CKiR Orle Gniazdo ul. Wrzosowa 28a"]
[Date "2014-07-26"]
[Round "1.16"]
[White "Galuszka, Tomasz"]
[Black "Dembinski, Bartosz"]
[Result "0-1"]
[WhiteTitle "III"]
[BlackTitle "II"]
[WhiteElo "1344"]
[BlackElo "1261"]

1. e4 e5 2. Nf3 Nc6 3. Bb5 Bc5 4. Bxc6 dxc6 5. d3 Nf6 6. O-O Bg4 7. Nbd2 O-O 8.
Re1 Re8 9. Nf1 h6 10. Ng3 Qd7 11. h3 Nh5 12. Nh1 Bxh3 13. gxh3 Qxh3 14. Be3 Re6
0-1

[Event "DRUZYNOWE MISTRZOSTWA POLSKI JUNIOROW - II LIGA"]
[Site "Szczyrk, CKiR Orle Gniazdo ul. Wrzosowa 28a"]
[Date "2014-07-26"]
[Round "1.17"]
[White "Glapa, Anna"]
[Black "Kordela, Monika"]
[Result "1-0"]
[WhiteTitle "I++"]
[BlackTitle "II"]
[WhiteElo "1680"]
[BlackElo "1342"]

1. e4 c5 2. Nf3 d6 3. d4 cxd4 4. Nxd4 Nf6 5. Nc3 g6 6. Be3 Bg7 7. f3 Nc6 8. Qd2
Bd7 9. O-O-O Rc8 10. g4 Ne5 11. h4 Nc4 12. Bxc4 Rxc4 13. h5 Qa5 14. Kb1 a6 15.
hxg6 fxg6 16. Nb3 Qc7 17. Bh6 Bxh6 18. Qxh6 Be6 19. g5 Nh5 20. Rxh5 gxh5 21. Qxe6
Rc6 22. Nd5 Qd8 23. Nd4 Rc5 24. Nf5 Rxd5 25. Rxd5 Qd7 26. Nxd6+ 1-0

[Event "DRUZYNOWE MISTRZOSTWA POLSKI JUNIOROW - II LIGA"]
[Site "Szczyrk, CKiR Orle Gniazdo ul. Wrzosowa 28a"]
[Date "2014-07-26"]
[Round "1.18"]
[White "Adamczyk, Zuzanna"]
[Black "Tomczak, Marta"]
[Result "0-1"]
[WhiteTitle "I"]
[BlackTitle "II"]
[WhiteElo "1238"]
[BlackElo "1293"]

1. d4 d5 2. Nf3 Nf6 3. e3 Bf5 4. Nbd2 c6 5. b3 e6 6. Bb2 Nbd7 7. Be2 Be7 8. O-O
O-O 9. h3 b5 10. Nh4 Ne4 11. Nxf5 exf5 12. c4 dxc4 13. bxc4 a6 14. Bd3 Ndf6 15.
Qc2 Nxd2 16. Qxd2 g6 17. Qc3 b4 18. Qb3 a5 19. Rfb1 a4 20. Qc2 a3 21. Bc1 c5 22.
dxc5 Bxc5 23. Bd2 Rb8 24. Rb3 Ne4 25. Bxe4 fxe4 26. Rab1 Qd6 27. Rd1 Qe7 28. Rdb1
Rfd8 29. Bc1 Rbc8 30. Bd2 Rb8 31. Bc1 Bd6 32. Bd2 f5 33. Qc1 Rdc8 34. Qf1 Rc7
35. Bc3 Rcb7 36. Bd4 Be5 37. c5 Bxd4 38. Qc4+ Qf7 39. Qxd4 Rd7 40. Qe5 Re8 41.
Qa1 Rc7 42. Qd4 Rec8 43. Qxb4 Rxc5 44. Qxa3 Qc7 45. Rb4 Rc1+ 46. Rxc1 Qxc1+ 47.
Qxc1 Rxc1+ 48. Kh2 Rc2 49. a4 Rxf2 50. Rb8+ Kg7 51. Kg3 Re2 52. Rb3 Ra2 53. Rb7+
Kh6 54. Ra7 Re2 55. a5 Rxe3+ 56. Kf2 Ra3 57. a6 e3+ 58. Kf3 g5 59. Ra8 f4 60.
a7 Ra2 61. g3 e2 62. Re8 Rxa7 63. Kxe2 Ra2+ 64. Kf1 fxg3 65. Re3 g2+ 66. Kg1 Kg6
67. Rg3 h5 68. Rxg2 Rxg2+ 69. Kxg2 Kf5 70. Kg3 Ke4 71. Kg2 Kf4 72. Kf2 h4 73.
Kg2 Ke3 74. Kg1 Kf3 75. Kh2 Kf2 76. Kh1 Kg3 77. Kg1 Kxh3 78. Kh1 Kg3 79. Kg1 g4
80. Kh1 Kf2 81. Kh2 g3+ 82. Kh3 g2 83. Kxh4 g1=Q 84. Kh5 Kf3 85. Kh6 Kf4 86. Kh7
Kf5 87. Kh8 Kf6 88. Kh7 Qg7# 0-1

[Event "DRUZYNOWE MISTRZOSTWA POLSKI JUNIOROW - II LIGA"]
[Site "Szczyrk, CKiR Orle Gniazdo ul. Wrzosowa 28a"]
[Date "2014-07-26"]
[Round "1.19"]
[White "Gladysz, Jakub"]
[Black "Klimek, Marcin"]
[Result "0-1"]
[WhiteTitle "I"]
[BlackTitle "I"]
[WhiteElo "1789"]
[BlackElo "1800"]

1. d4 e6 2. c4 f5 3. g3 Nf6 4. Bg2 d5 5. Qc2 c6 6. e3 Bd6 7. Nh3 O-O 8. O-O b6
9. Nd2 a5 10. b3 Qe8 11. a4 Na6 12. Ba3 Nb4 13. Bxb4 Bxb4 14. Nf4 Ba6 15. Nf3
Rc8 16. Ng5 h6 17. Ngxe6 g5 18. Nxf8 gxf4 19. Qxf5 Qxf8 20. Bh3 Re8 21. Qxf4 dxc4
22. bxc4 Bxc4 23. Rfc1 Bd5 24. Rc2 Bd6 25. Qh4 Re4 26. f4 Rxe3 27. Bg2 Bxg2 28.
Kxg2 c5 29. Rd1 Qa8+ 30. d5 Kg7 31. Kf2 Qe8 32. Rdd2 Qe4 33. Re2 Qf3+ 34. Ke1
c4 35. Rxe3 Bb4+ 36. Rec3 Bxc3+ 37. Rxc3 Qxc3+ 38. Ke2 Qd3+ 39. Ke1 c3 40. f5
Qd2+ 41. Kf1 c2 0-1

[Event "DRUZYNOWE MISTRZOSTWA POLSKI JUNIOROW - II LIGA"]
[Site "Szczyrk, CKiR Orle Gniazdo ul. Wrzosowa 28a"]
[Date "2014-07-26"]
[Round "1.20"]
[White "Klimek, Piotr"]
[Black "Wilk, Tomasz"]
[Result "1/2-1/2"]
[WhiteTitle "I"]
[BlackTitle "I"]
[WhiteElo "1839"]
[BlackElo "1767"]

1. e4 c5 2. Ne2 Nc6 3. c4 g6 4. d4 cxd4 5. Nxd4 Nf6 6. Nc3 Nxd4 7. Qxd4 d6 8. Bg5
Bg7 9. Nd5 O-O 10. Bxf6 exf6 11. O-O-O f5 12. Qd3 fxe4 13. Qxe4 Re8 14. Qf4 Be6
15. Qd2 Rc8 16. Kb1 Bxd5 17. Qxd5 Qf6 18. Qd2 Rc6 19. Qc3 Qxf2 20. Qc2 Qf6 21.
Bd3 Rb6 22. Rd2 Re3 23. Rf1 Qe5 24. Kc1 Qc5 25. b3 a5 26. Re2 a4 27. Rxe3 Qxe3+
28. Qd2 Qxd2+ 29. Kxd2 axb3 30. axb3 Rxb3 31. Rb1 Rxb1 32. Bxb1 Be5 33. Be4 Bxh2
34. Bxb7 f5 35. Ke3 Kg7 36. Kf2 Be5 37. Bd5 g5 38. Kf3 h5 39. Kf2 Kf6 40. Kf3
h4 41. Kf2 g4 42. Ke3 Kg5 43. Be6 Bb2 44. Bd7 Ba3 45. Kf2 Kf4 46. Kf1 Bc5 47.
Bc8 Kg5 48. Bd7 f4 49. Bc6 h3 50. gxh3 gxh3 51. Bf3 Be3 52. Bh1 Kf5 53. Ke2 Ke5
54. Kd3 Bg1 55. Bf3 h2 56. Be4 Ke6 57. Ke2 Kd7 58. Bg2 Kc7 59. Kf3 Be3 60. Bh1
Kb6 61. Ke4 Kc5 62. Kd3 Kb4 63. Bd5 Ka3 64. Kc2 Bc5 65. Kc3 Bb4+ 66. Kc2 Be1 67.
Kd3 Kb2 68. Bf3 Bf2 69. Ke4 Kc3 70. Kxf4 Kxc4 71. Kg4 d5 72. Kh3 Bg1 73. Bxd5+
Kxd5 74. Kg2 Ke4 75. Kh1 Ke3 76. Kg2 1/2-1/2

[Event "DRUZYNOWE MISTRZOSTWA POLSKI JUNIOROW - II LIGA"]
[Site "Szczyrk, CKiR Orle Gniazdo ul. Wrzosowa 28a"]
[Date "2014-07-26"]
[Round "1.21"]
[White "Zak, Piotr"]
[Black "Paliszewski, Dominik"]
[Result "0-1"]
[WhiteTitle "II"]
[BlackTitle "II"]
[WhiteElo "1328"]
[BlackElo "1621"]

1. e4 c6 2. Nc3 d5 3. Nf3 Bg4 4. exd5 cxd5 5. Bb5+ Nc6 6. d4 e6 7. Qd3 Bxf3 8.
Qxf3 Bd6 9. O-O Qh4 10. h3 Qxd4 11. Rd1 Qf6 12. Qe2 Qe5 13. Qxe5 Bxe5 14. Bd2
a6 15. Bd3 Nge7 16. Rab1 Nb4 17. a3 Nxd3 18. cxd3 Rc8 19. Re1 Bf6 20. Ne2 Kd7
21. d4 Rc6 22. Bc3 Nf5 23. Rbd1 Nd6 24. f3 Rhc8 25. Rd2 Nb5 26. Red1 Be7 27. Bb4
Bxb4 28. axb4 Rc4 29. Kf2 Rxb4 30. Nf4 Kd6 31. g3 Rbc4 32. Ne2 Rc2 33. Ke3 Rxd2
34. Rxd2 f6 35. f4 Kd7 36. h4 Nd6 37. Nc3 Nc4+ 38. Kd3 Nxd2 39. Kxd2 b5 40. Kd3
Kd6 41. b3 e5 42. fxe5+ fxe5 43. Ne2 e4+ 44. Kd2 b4 45. Nf4 Rc3 0-1

[Event "DRUZYNOWE MISTRZOSTWA POLSKI JUNIOROW - II LIGA"]
[Site "Szczyrk, CKiR Orle Gniazdo ul. Wrzosowa 28a"]
[Date "2014-07-26"]
[Round "1.22"]
[White "Oglaza, Oskar"]
[Black "Bober, Tomasz"]
[Result "1-0"]
[WhiteTitle "I"]
[BlackTitle "II"]
[WhiteElo "1682"]
[BlackElo "1161"]

1. e4 e5 2. Nf3 Nc6 3. Bc4 Bc5 4. c3 Nf6 5. d4 exd4 6. e5 d5 7. Bb5 Ne4 8. cxd4
Bb6 9. Be3 Bg4 10. Be2 O-O 11. O-O f6 12. exf6 Qxf6 13. Nc3 Rad8 14. Qb3 Na5 15.
Nxd5 Nxb3 16. Nxf6+ Rxf6 17. axb3 Rdf8 18. Bc4+ Kh8 19. Ne5 Be6 20. Rad1 h6 21.
Bd3 Nxf2 22. Ng6+ Kg8 23. Rxf2 R8f7 24. Rxf6 Rxf6 25. Bc2 Bf7 26. Ne5 Bd5 27.
Bf2 Re6 28. Bg3 c5 29. dxc5 Bxc5+ 30. Kh1 Bc6 31. Bg6 Rf6 32. Bd3 Bd6 33. Nxc6
Bxg3 34. Bc4+ Kh7 35. Ne7 Bd6 36. Nf5 1-0

[Event "DRUZYNOWE MISTRZOSTWA POLSKI JUNIOROW - II LIGA"]
[Site "Szczyrk, CKiR Orle Gniazdo ul. Wrzosowa 28a"]
[Date "2014-07-26"]
[Round "1.23"]
[White "Kozubal, Aleksandra"]
[Black "Kopica, Paulina"]
[Result "0-1"]
[WhiteTitle "I+"]
[BlackTitle "I"]
[WhiteElo "1576"]
[BlackElo "1697"]

1. d4 e6 2. c4 f5 3. Nf3 Nf6 4. e3 d5 5. b3 c6 6. Be2 Bd6 7. O-O O-O 8. Ba3 Bxa3
9. Nxa3 Nbd7 10. Nc2 Ne4 11. Qd3 Qf6 12. Nd2 Qg6 13. f4 Nxd2 14. Qxd2 Nf6 15.
Ne1 Bd7 16. Nd3 Ne4 17. Qc2 Be8 18. Ne5 Qh6 19. Rf3 Rd8 20. Rh3 Qf6 21. Rf1 Bg6
22. Bd3 Nd6 23. Rff3 Nf7 24. Rfg3 Nxe5 25. dxe5 Qe7 26. Be2 Rd7 27. Bh5 Bxh5 28.
Rxh5 Qc5 29. Qe2 d4 30. Rgh3 g6 31. Rg5 Rff7 32. Kf2 d3 33. Qh5 Rg7 34. Qd1 b5
35. g4 bxc4 36. gxf5 exf5 37. Rg1 c3 38. Qc1 Qb4 39. Rhg3 d2 40. Qd1 Qe4 0-1